[Event "It \"]
[Site "masterchessopen.com Werther (Germany)"]
[Date "2006.04.06"]
[Round "1"]
[White "Kartsev Soel (RUS)"]
[Black "Schormann Conrad (GER)"]
[Result "0-1"]
[WhiteElo "2232"]
[BlackElo "2118"]

1.d4 d5 2.c4 c6 3.Nf3 Nf6 4.Nc3 dxc4 5.a4 Bf5 6.e3 e6 7.Bxc4 Bb4 8.O-O O-O
9.Qe2 Bg6 10.Ne5 Nbd7 11.Nxg6 hxg6 12.e4 Nb6 13.Bb3 Qxd4 14.a5 Nbd7 15.Ra4 Qc5
16.Be3 Qe7 17.Bg5 Bxc3 18.bxc3 Nc5 19.Rb4 Nxb3 20.Rxb3 Qc5 21.Qf3 Qxg5 {#R}
0-1

[Event "Turkish Is Bank League"]
[Site "masterchessopen.com Marmaris (Turkey)"]
[Date "2006.04.18"]
[Round "0"]
[White "Aydin Ersin (TUR)"]
[Black "Polatel Levent (TUR)"]
[Result "0-1"]
[WhiteElo "1937"]
[BlackElo "2011"]

1.d4 d5 2.Nf3 Nf6 3.c4 c6 4.Nc3 dxc4 5.a4 Bf5 6.e3 e6 7.Bxc4 Bb4 8.O-O O-O
9.Qe2 Bg6 10.Rd1 Nbd7 11.Ne5 Qc7 12.Nxg6 hxg6 13.e4 e5 14.Na2 Bd6 15.d5 cxd5
16.Bxd5 Nxd5 17.exd5 f5 18.Nc3 a6 19.Bg5 e4 20.h4 Ne5 21.Bf4 Nf3+ 22.gxf3 Bxf4
23.fxe4 fxe4 24.d6 Bxd6 25.Qxe4 Bh2+ 26.Kg2 Rae8 27.Qd5+ Kh8 28.Ne4 Qf4 29.Re1
Qxh4 {#R} 0-1

[Event "Ch Hungary (team) 2005/06"]
[Site "masterchessopen.com Hungary"]
[Date "2006.04.23"]
[Round "11"]
[White "Zsinka Laszlo (HUN)"]
[Black "Valko Krisztian (HUN)"]
[Result "0-1"]
[WhiteElo "2334"]
[BlackElo "2255"]

1.d4 d5 2.c4 c6 3.Nc3 Nf6 4.Nf3 dxc4 5.a4 Bf5 6.e3 e6 7.Bxc4 Bb4 8.O-O O-O
9.Qe2 Ne4 10.Nxe4 Bxe4 11.Ne5 Nd7 12.Rd1 Nxe5 13.dxe5 Qa5 14.f3 Bg6 15.f4 Rfd8
16.Rd4 Bc5 17.Bd2 Qb6 18.Rxd8+ Rxd8 19.Bc1 Qb4 20.Kf2 b5 21.axb5 cxb5 22.Bxb5
Qxf4+ 23.Kg1 Qxe5 24.Bc6 Bd6 25.g3 Bc5 26.Bf3 Rd3 27.Kf2 Bxe3+ 28.Bxe3 Rxe3
29.Qc4 h6 30.Rxa7 Rd3 31.Ra8+ Kh7 {#R} 0-1

[Event "It (open)"]
[Site "masterchessopen.com Znojmo (Czech Republic)"]
[Date "2006.05.17"]
[Round "4"]
[White "Snorek Milan (CZE)"]
[Black "Bartos Jan (CZE)"]
[Result "1-0"]
[WhiteElo "2148"]
[BlackElo "2194"]

1.d4 d5 2.Nf3 Nf6 3.c4 c6 4.Nc3 dxc4 5.a4 Bf5 6.e3 e6 7.Bxc4 Bb4 8.O-O O-O
9.Qe2 Bg6 10.Rd1 Nbd7 11.Na2 Be7 12.Ne5 Nxe5 13.dxe5 Nd7 14.e4 Qc7 15.f4 Nc5
16.Nc3 Rad8 17.Rf1 h6 18.f5 Bh7 19.f6 gxf6 20.exf6 Bd6 21.Qh5 Kh8 22.Bxh6 Rg8
23.Rf3 Rg6 24.Rh3 Rdg8 25.Bg5 {#r} 1-0

[Event "Ch Ukraine (1/2 final)"]
[Site "masterchessopen.com Alushta (Ukraine)"]
[Date "2006.05.18"]
[Round "6"]
[White "Kurochkin Valery (UKR)"]
[Black "Rudak Vladimir (UKR)"]
[Result "0-1"]
[WhiteElo "2089"]
[BlackElo "2327"]

1.d4 d5 2.Nf3 Nf6 3.c4 c6 4.Nc3 dxc4 5.a4 Bf5 6.e3 e6 7.Bxc4 Bb4 8.O-O O-O
9.Qe2 Bg4 10.h3 Bh5 11.g4 Bg6 12.Ne5 Nbd7 13.Nxg6 hxg6 14.Rd1 Qa5 15.Qc2 e5
16.d5 Nb6 17.Na2 cxd5 18.Bb5 a6 19.Nxb4 Qxb4 20.Qc7 axb5 21.Bd2 Qe4 22.Qxb6
Qf3 23.axb5 Qxh3 24.Qxb7 Nxg4 25.Be1 Nh2 26.f4 Ng4 27.Rxa8 Qh2+ {#R} 0-1

[Event "Ch Slovenia (w)"]
[Site "masterchessopen.com Ljubljana (Slovenia)"]
[Date "2006.07.04"]
[Round "2"]
[White "Srebrnic Ana (SLO)"]
[Black "Kolaric Spela (SLO)"]
[Result "1-0"]
[WhiteElo "2297"]
[BlackElo "1827"]

1.Nf3 d5 2.d4 Nf6 3.c4 c6 4.Nc3 dxc4 5.a4 Bf5 6.e3 e6 7.Bxc4 Bb4 8.O-O O-O
9.Qe2 Bxc3 10.bxc3 Nbd7 11.Nd2 Ne4 12.Nxe4 Bxe4 13.f3 Bg6 14.e4 e5 15.a5 b6
16.Bb3 bxa5 17.Be3 Kh8 18.dxe5 Nxe5 19.Rfd1 Qb8 20.Ba4 Qc7 21.f4 Bxe4 22.fxe5
Qxe5 23.Bd4 Qf5 24.Re1 Bd5 25.Bc2 Qg5 26.Be3 Qf6 27.Qd3 Qg6 28.Qxg6 hxg6
29.Bd4 Rfe8 30.Rxe8+ Rxe8 31.Bd3 {#r} 1-0

[Event "It \"]
[Site "masterchessopen.com Kitchener (Canada)"]
[Date "2006.07.17"]
[Round "3"]
[White "Arencibia Walter (CUB)"]
[Black "Hamilton Robert (CAN)"]
[Result "1-0"]
[WhiteElo "2530"]
[BlackElo "2333"]

1.d4 d5 2.c4 c6 3.Nc3 Nf6 4.Nf3 dxc4 5.a4 Bf5 6.e3 e6 7.Bxc4 Bb4 8.O-O O-O
9.Qe2 Bg4 10.h3 Bh5 11.Rd1 Nd5 12.Ne4 Bg6 13.Ng3 Bd6 14.Ne5 Qc7 15.e4 Ne7
16.h4 c5 17.Nxg6 Nxg6 18.e5 Be7 19.h5 Nh4 20.d5 exd5 21.Rxd5 Nc6 22.e6 Nd4
23.exf7+ Kh8 24.Qe4 Bf6 25.Bd3 {#r} 1-0

[Event "It (open)"]
[Site "masterchessopen.com Amsterdam (Netherlands)"]
[Date "2006.07.20"]
[Round "6"]
[White "Ahlers Ben (NED)"]
[Black "Ferguson Mark (ENG)"]
[Result "0-1"]
[WhiteElo "2184"]
[BlackElo "2395"]

1.d4 d5 2.c4 c6 3.Nf3 Nf6 4.Nc3 dxc4 5.a4 Bf5 6.e3 e6 7.Bxc4 Bb4 8.O-O O-O
9.Qe2 Bg6 10.Ne5 Nbd7 11.Nxg6 hxg6 12.f4 a5 13.Rd1 Qe7 14.e4 Nb6 15.Bb3 Rfd8
16.Bc2 c5 17.dxc5 Rxd1+ 18.Nxd1 Bxc5+ 19.Kh1 Rd8 20.Bd2 e5 21.f5 gxf5 22.exf5
Ng4 23.Be1 Qg5 24.h4 Qf4 25.g3 Rd2 26.Bxd2 Qxg3 27.Nc3 Qh3+ {#R} 0-1

[Event "It (cat.2)"]
[Site "masterchessopen.com Villa Martelli (Argentina)"]
[Date "2006.07.29"]
[Round "6"]
[White "Fusco Leonardo (ARG)"]
[Black "Goldwaser Christian (ARG)"]
[Result "1-0"]
[WhiteElo "2257"]
[BlackElo "2372"]

1.d4 Nf6 2.c4 c6 3.Nc3 d5 4.Nf3 dxc4 5.a4 Bf5 6.e3 e6 7.Bxc4 Bb4 8.O-O O-O
9.Qe2 Nbd7 10.e4 Bg6 11.e5 Nd5 12.Ne4 a5 13.Rd1 Qb6 14.Nh4 Be7 15.Nxg6 fxg6
16.Qg4 Rf5 17.Ng3 Qb4 18.b3 Qc3 19.Bd2 Qb2 20.Rab1 Qa3 21.Bxd5 cxd5 22.Nxf5
gxf5 23.Qe2 b6 24.Rdc1 {#r} 1-0

[Event "Tournament (Elo)"]
[Site "masterchessopen.com Perm (Russia)"]
[Date "2006.08.11"]
[Round "9"]
[White "Radostev Pavel (RUS)"]
[Black "Samigullina Diana (RUS)"]
[Result "0-1"]
[WhiteElo "1845"]
[BlackElo "2050"]

1.d4 d5 2.c4 dxc4 3.Nf3 Nf6 4.Nc3 c6 5.a4 Bf5 6.e3 e6 7.Bxc4 Bb4 8.O-O O-O
9.Qe2 Ne4 10.Nxe4 Bxe4 11.Nd2 Bg6 12.Nf3 Nd7 13.Bd3 Bh5 14.e4 e5 15.Be3 exd4
16.Bxd4 c5 17.Be3 Ne5 18.Bc2 Qf6 19.Bg5 Nxf3+ 20.gxf3 Qxg5+ 21.Kh1 Qf4 22.Bd1
Rad8 {#R} 0-1

[Event "It (open)"]
[Site "masterchessopen.com Thessaloniki (Greece)"]
[Date "2006.09.02"]
[Round "5"]
[White "Sriram Jha (IND)"]
[Black "Galopoulos N (GRE)"]
[Result "1-0"]
[WhiteElo "2396"]
[BlackElo "2063"]

1.d4 Nf6 2.Nf3 d5 3.c4 c6 4.Nc3 dxc4 5.a4 Bf5 6.e3 e6 7.Bxc4 Bb4 8.O-O O-O
9.Qe2 Bg6 10.Ne5 Nbd7 11.Nxg6 hxg6 12.Rd1 Qc7 13.Bd2 e5 14.d5 cxd5 15.Bxd5 Nb6
16.Bb3 a5 17.Rac1 Qe7 18.Qb5 Nc8 19.Nd5 Nxd5 20.Bxd5 Bxd2 21.Rxd2 Nd6 22.Qb6
Rac8 23.Rdc2 Rxc2 24.Rxc2 Qd8 25.Qb3 Qd7 26.h3 Rc8 27.Rxc8+ Qxc8 28.Qb6 Nc4
29.Qxg6 Qc7 30.Qc2 {#r} 1-0

[Event "Ch Europe (juniors) (under 14) (g)"]
[Site "masterchessopen.com Herceg Novi (Montenegro)"]
[Date "2006.09.13"]
[Round "4"]
[White "Pavlidou Ekaterini (GRE)"]
[Black "Haug Marianne Wold (NOR)"]
[Result "1-0"]
[WhiteElo "2006"]
[BlackElo "2046"]

1.d4 d5 2.c4 c6 3.Nf3 Nf6 4.Nc3 dxc4 5.a4 Bf5 6.e3 e6 7.Bxc4 Bb4 8.O-O O-O
9.Qe2 Nbd7 10.e4 Bg6 11.Bd3 Qc7 12.Bg5 Bh5 13.Rfc1 a6 14.h3 Rfe8 15.e5 Nd5
16.Ne4 Qb6 17.g4 Bg6 18.h4 h6 19.Be3 Be7 20.h5 Bh7 21.Kh1 f5 22.gxf5 Bxf5
23.Rg1 Rf8 24.Bxh6 Rf7 25.Qd2 Kf8 26.Bxg7+ Rxg7 27.Qh6 {#r} 1-0

[Event "Tournament (open)"]
[Site "masterchessopen.com Can Tho (Vietnam)"]
[Date "2006.09.24"]
[Round "11"]
[White "Tran Anh Tri (VIE)"]
[Black "Nguyen Van Huy (VIE)"]
[Result "1-0"]
[WhiteElo "2338"]
[BlackElo "2345"]

1.d4 Nf6 2.Nf3 d5 3.c4 c6 4.Nc3 dxc4 5.a4 Bf5 6.e3 e6 7.Bxc4 Bb4 8.O-O O-O
9.Qe2 Bg6 10.Rd1 Nbd7 11.Bd2 Qe7 12.a5 e5 13.dxe5 Nxe5 14.Nxe5 Qxe5 15.Na4
Bxd2 16.Qxd2 Qg5 17.Qb4 h5 18.Qxb7 Be4 19.Bf1 h4 20.Nc3 Rab8 21.Nxe4 Nxe4
22.Qxc6 Rfe8 23.Qc2 Re6 24.Ra4 Rbe8 25.Rdd4 Nf6 26.Rxh4 {#r} 1-0

[Event "It (open)"]
[Site "masterchessopen.com Belgrade (Yugoslavia)"]
[Date "2006.11.29"]
[Round "8"]
[White "Peev Peicho (BUL)"]
[Black "Rajcevic Stevan (SRB)"]
[Result "1-0"]
[WhiteElo "2304"]
[BlackElo "2101"]

1.d4 d5 2.Nf3 Nf6 3.c4 c6 4.Nc3 dxc4 5.a4 Bf5 6.e3 e6 7.Bxc4 Bb4 8.O-O O-O
9.Qe2 Nbd7 10.e4 Bg6 11.Bd3 h6 12.Ne5 Bh5 13.Qc2 Nxe5 14.dxe5 Nd7 15.Bf4 Qa5
16.Na2 Bc5 17.b4 Bxb4 18.Nxb4 Qxb4 19.Rab1 Qd4 20.Be3 Qxe5 21.Rxb7 Rfd8 22.f4
Qd6 23.e5 Qf8 24.Be4 Nb6 25.Bc5 Qe8 26.Re7 {#r} 1-0

[Event "Tournament"]
[Site "masterchessopen.com Moscow (Russia)"]
[Date "2007.01.11"]
[Round "2"]
[White "Babanov Alexander V (RUS)"]
[Black "Vidyakin Boris A (RUS)"]
[Result "1-0"]
[WhiteElo "2049"]
[BlackElo "2038"]

1.c4 c6 2.d4 d5 3.Nc3 Nf6 4.Nf3 dxc4 5.a4 Bf5 6.e3 e6 7.Bxc4 Bb4 8.O-O O-O
9.Qe2 Nbd7 10.e4 Bg6 11.Bd3 Bh5 12.Bf4 Re8 13.e5 Nd5 14.Nxd5 exd5 15.Qe3 Nf8
16.Bg3 Ne6 17.Nh4 Qb6 18.Nf5 Bg4 19.Nh6+ gxh6 20.Qxh6 Nf8 21.Qg5+ Ng6 22.Qxg4
Bf8 23.h4 Kh8 24.h5 Ne7 25.Bh4 Ng8 26.Qf5 {#r} 1-0

[Event "Ch Germany"]
[Site "masterchessopen.com Bad Koenigshofen (Germany)"]
[Date "2007.01.22"]
[Round "4"]
[White "Schulze Ulrich (GER)"]
[Black "Becker Marcel (GER)"]
[Result "1-0"]
[WhiteElo "2309"]
[BlackElo "2360"]

1.d4 d5 2.Nf3 Nf6 3.c4 c6 4.Nc3 dxc4 5.a4 Bf5 6.e3 e6 7.Bxc4 Bb4 8.O-O O-O
9.Qe2 Nbd7 10.e4 Bg6 11.Bd3 Bh5 12.e5 Nd5 13.Nxd5 cxd5 14.Qe3 Re8 15.Ng5 Bg6
16.Bxg6 fxg6 17.a5 Rc8 18.Ra4 Bxa5 19.Qf3 Re7 20.Nxe6 Nxe5 21.Qh3 Qd7 22.dxe5
Qxa4 23.Ng5 h6 24.Qxc8+ Re8 25.Qxb7 hxg5 26.Qxd5+ Kh7 27.Bxg5 Bb6 28.e6 Qd4
29.Qd7 Rf8 30.Qxd4 Bxd4 31.e7 {#r} 1-0

[Event "Ch Romania"]
[Site "masterchessopen.com Amara (Romania)"]
[Date "2007.02.22"]
[Round "8"]
[White "Grunberg Mihai-Lucian (ROM)"]
[Black "Murariu Andrei (ROM)"]
[Result "0-1"]
[WhiteElo "2427"]
[BlackElo "2503"]

{ } 1.Nf3 d5 2.d4 Nf6 3.c4 c6 4.Nc3 dxc4 5.a4 Bf5 6.e3 e6 7.Bxc4 Bb4 8.O-O O-O
9.Qe2 Nbd7 10.Rd1 Bg6 11.Bd2 { =/? } 11...a5 ( 11...Qe7 12.Be1 a5 13.Rac1 Rfe8
14.Nh4 Bh5 15.f3 e5 16.Nf5 Qf8 17.dxe5 Rxe5 18.g4 Rxf5 19.gxh5 Ne5 20.f4 Nxc4
21.Qxc4 Rxh5 22.Bg3 Re8 23.Rd3 Bc5 24.Re1 Ng4 25.Nd1 Qe7 26.Re2 Ba7 27.Qc3 Nf6
28.Nf2 Nd5 29.Qxa5 Nxf4 30.Qxa7 Nxe2+ 31.Kf1 { ...0-1, Fang Joseph 2315 -
Finegold Benjamin 2522 , Philadelphia 2001 It (open) } ) 12.Be1 Qe7 ( 12...Qb6
13.h3 h6 14.Bd3 { 1/2-1/2, Ibar Marcelo 2300 - Garbarino Rodolfo 2405 , Buenos
Aires 1993 It (open) "M.Najdorf" } ) 13.Bd3 { +0.00 CAP } ( 13.Rac1 Rfe8
14.Nh4 Bh5 15.f3 e5 16.Nf5 Qf8 17.dxe5 Rxe5 18.g4 Rxf5 19.gxh5 Ne5 20.f4 Nxc4
21.Qxc4 Rxh5 22.Bg3 Re8 23.Rd3 Bc5 24.Re1 Ng4 25.Nd1 Qe7 26.Re2 Ba7 27.Qc3 Nf6
28.Nf2 Nd5 29.Qxa5 Nxf4 30.Qxa7 Nxe2+ 31.Kf1 Nxg3+ 32.hxg3 Re5 { ...0-1, Fang
Joseph 2315 - Finegold Benjamin 2522 , Philadelphia 2001 It (open) } ) ( 13.h3
Rfd8 14.Nh4 e5 15.Nxg6 hxg6 16.d5 Nc5 17.dxc6 bxc6 18.Qc2 e4 19.Ne2 Bxe1
20.Rxe1 Nd3 21.Red1 Nd5 22.Ng3 N5b4 23.Qe2 Qe5 24.Rd2 Rd6 25.Rad1 Rad8 26.Qg4
Nxf2 27.Bxf7+ Kf8 28.Rxf2 Rxd1+ 29.Kh2 R1d2 30.Rf1 R2d6 31.Bxg6+ Rf6 32.Qh4
Ke7 { ...1-0, Kristensen Bjarke 2440 - Gretarsson Helgi Ass 2450 , Kopavogur
1994 It } ) ( 13.Nh4 Bh5 14.f3 Nb6 15.Bb3 Nfd7 16.g4 Bg6 17.Kg2 Rac8 18.Bg3
Rfd8 19.Nxg6 hxg6 20.Ne4 f5 21.Nf2 c5 22.Rac1 cxd4 23.exd4 Nd5 24.Nd3 Rxc1
25.Rxc1 Nf8 26.Bxd5 Rxd5 27.Rc7 Rd7 28.Qe5 Qd8 29.Nxb4 axb4 30.Rc4 fxg4
31.fxg4 b3 32.Qe4 Qg5 { ...1/2-1/2, Frias Victor J 2510 - Drasko Milan 2510 ,
New York 1988 It (open) } ) 13...Bh5 { N } ( 13...e5 14.dxe5 Nxe5 15.Nxe5 Qxe5
16.f3 Bxd3 17.Rxd3 Rfe8 18.Rad1 h6 19.Bg3 Qc5 20.Bf2 Qc4 21.Rd4 Qb3 22.R1d3
Qe6 23.Rd1 Bc5 24.R4d3 Qc4 25.R1d2 Rac8 26.Qd1 Qe6 27.Ne2 Bb4 28.Rc2 c5 29.Nf4
Qc6 30.b3 b5 31.Rd6 Qb7 32.axb5 Qxb5 33.Rxf6 { ...0-1, Avramov Anton 2214 -
Stoinev Metodi 2285 , Bankja 1992 Tournament (team) } ) 14.Ne4 Nxe4 15.Bxe4 e5
16.Bxb4 axb4 17.Qc2 exd4 18.Rxd4 Nf6 19.Nd2 { ?! } ( 19.Ng5 { !? } 19...g6
20.Bf3 Rfd8 21.Bxh5 Nxh5 22.Nf3 Nf6 23.Rad1 { } ) 19...c5 20.Rc4 Rfd8 21.Nf1 {
? } ( 21.Bf3 Bg6 22.Qc1 Ra7 23.a5 b6 24.Rf4 Nd5 25.Bxd5 Rxd5 26.Nc4 bxa5 27.h4
f6 28.Rxa5 { } ) 21...b3 22.Bxh7+ Nxh7 23.Qf5 Be2 24.Qxc5 Qxc5 25.Rxc5 Nf6
26.f3 Bxf1 27.Kxf1 Rd2 28.Rb1 Rxa4 { } {#R} 0-1

[Event "It (open)"]
[Site "masterchessopen.com Southend (England)"]
[Date "2007.04.08"]
[Round "6"]
[White "Bonafont Philip (ENG)"]
[Black "Anderson John (ENG)"]
[Result "0-1"]
[WhiteElo "2111"]
[BlackElo "2223"]

1.d4 Nf6 2.Nf3 d5 3.c4 c6 4.Nc3 dxc4 5.a4 Bf5 6.e3 e6 7.Bxc4 Bb4 8.O-O O-O
9.Qe2 Bg6 10.Ne5 Nbd7 11.Nxg6 hxg6 12.Rd1 Qe7 13.e4 e5 14.dxe5 Nxe5 15.Bb3
Rfd8 16.Bd2 Nd3 17.Bg5 Nc5 18.Bc2 Ne6 19.Be3 a5 20.Rxd8+ Rxd8 21.Rd1 Rxd1+
22.Qxd1 Bc5 23.Qd2 Bxe3 24.Qxe3 Qb4 25.Qc1 Nd7 26.h3 Ne5 27.Kh2 Nc4 28.Nd1 Nd4
29.Bd3 Ne5 30.Bc2 Qe1 31.Kg3 Ne2+ {#R} 0-1

[Event "Match \"]
[Site "masterchessopen.com London (England)"]
[Date "2007.07.19"]
[Round "9"]
[White "Lalic Bogdan (ENG)"]
[Black "Bennet William D (ENG)"]
[Result "1-0"]
[WhiteElo "2500"]
[BlackElo "2151"]

1.d4 d5 2.c4 c6 3.Nf3 Nf6 4.Nc3 dxc4 5.a4 Bf5 6.e3 e6 7.Bxc4 Bb4 8.O-O O-O
9.Qe2 Nbd7 10.e4 Bg4 11.Rd1 Qa5 12.e5 Nd5 13.Ne4 N7b6 14.Bd3 Nc7 15.Ng3 g6
16.Ne4 f5 17.Nf6+ Rxf6 18.exf6 Qd5 19.f7+ Kg7 20.a5 Bxf3 21.gxf3 Bxa5 22.Bf4
Rc8 23.Qe5+ Kxf7 24.Rxa5 Qxf3 25.Be2 Qb3 26.Rxa7 Nc4 27.Qc5 Nxb2 28.Rb1 Nd5
29.Ra3 {#r} 1-0

[Event "It (open)"]
[Site "masterchessopen.com Tibor (Czech Republic)"]
[Date "2007.07.30"]
[Round "3"]
[White "Kuciel Wladyslaw (POL)"]
[Black "Koubek Vaclav Jr"]
[Result "0-1"]
[WhiteElo "2149"]
[BlackElo "2039"]

1.d4 d5 2.Nf3 Nf6 3.c4 c6 4.Nc3 dxc4 5.a4 Bf5 6.e3 e6 7.Bxc4 Bb4 8.O-O O-O
9.Qe2 c5 10.h3 Nc6 11.Rd1 Qe7 12.e4 Bg6 13.e5 Nd7 14.d5 Na5 15.Bg5 Qe8 16.dxe6
fxe6 17.Bb5 Nc6 18.Rd6 Bh5 19.Rxe6 Qc8 20.Bxc6 bxc6 21.Re7 Nb6 22.a5 Bxf3
23.gxf3 Qf5 24.f4 Nc8 25.Qc4+ Kh8 26.Re6 Qxh3 27.f5 Qxf5 28.Bh4 Rb8 29.Ne4
Bxa5 30.Rxa5 Rb4 31.Qxc5 Rxe4 32.Bf6 {#R} 0-1

[Event "Cup Kaunas (open)"]
[Site "masterchessopen.com Kaunas (Lithuania)"]
[Date "2007.08.10"]
[Round "6"]
[White "Zebelys Rimantas (LTU)"]
[Black "Sciupokas Arunas (LTU)"]
[Result "0-1"]
[WhiteElo "2003"]
[BlackElo "2006"]

1.d4 d5 2.Nf3 c6 3.c4 Nf6 4.Nc3 dxc4 5.a4 Bf5 6.e3 e6 7.Bxc4 Bb4 8.O-O O-O
9.Qe2 Ne4 10.Na2 Bd6 11.b4 Nd7 12.Bb2 Bg4 13.Rfd1 Ng5 14.e4 Bxf3 15.gxf3 Nh3+
16.Kh1 Qh4 17.e5 Nxf2+ 18.Kg2 Nxd1 19.Rxd1 Be7 20.Rg1 Nb6 21.Bd3 Nd5 22.Kh1
Nf4 23.Qe4 Nh3 24.Rg2 Qxe4 25.Bxe4 Ng5 26.Bc2 Nxf3 27.Rg3 Nh4 28.Bc1 Rfd8
29.Rg4 Nf5 30.Bb2 Ne3 {#R} 0-1

[Event "It (open)"]
[Site "masterchessopen.com Banyoles (Spain)"]
[Date "2007.08.24"]
[Round "9"]
[White "Campos Moreno Javier B (CHI)"]
[Black "Kuipers Stefan (NED)"]
[Result "1-0"]
[WhiteElo "2446"]
[BlackElo "2283"]

1.d4 d5 2.c4 c6 3.Nf3 Nf6 4.Nc3 dxc4 5.a4 Bf5 6.e3 e6 7.Bxc4 Bb4 8.O-O O-O
9.Qe2 Nbd7 10.e4 Bg6 11.Bd3 Be7 12.h3 Re8 13.Bf4 c5 14.Nb5 Rf8 15.Bc7 Qc8
16.Bh2 Qd8 17.d5 exd5 18.exd5 Ne8 19.d6 Bf6 20.Nc7 Rc8 21.Rad1 a6 22.Rfe1 Nxc7
23.dxc7 Rxc7 24.Bxg6 hxg6 25.Qd2 {#r} 1-0

[Event "It (open)"]
[Site "masterchessopen.com Winterthur (Switzerland)"]
[Date "2007.10.11"]
[Round "7"]
[White "Krutti Valer (HUN)"]
[Black "Kuhn Thomas (SUI)"]
[Result "0-1"]
[WhiteElo "2412"]
[BlackElo "2180"]

1.Nf3 d5 2.d4 Nf6 3.c4 c6 4.Nc3 dxc4 5.a4 Bf5 6.e3 e6 7.Bxc4 Bb4 8.O-O O-O
9.Qe2 Bg6 10.Rd1 Nbd7 11.h3 h6 12.Bd2 Qe7 13.Bd3 Bxd3 14.Qxd3 e5 15.Be1 Rad8
16.Qc2 Rfe8 17.Qb3 a5 18.Na2 e4 19.Bxb4 axb4 20.Ne1 Nd5 21.Rac1 Nb8 22.Rc4 Na6
23.Nc2 Nb6 24.Naxb4 Nxc4 25.Nxa6 Nxe3 {#R} 0-1

[Event "It (open)"]
[Site "masterchessopen.com Bad Wiessee (Germany)"]
[Date "2007.11.13"]
[Round "4"]
[White "Pruess David (USA)"]
[Black "Jaracz Pawel (POL)"]
[Result "0-1"]
[WhiteElo "2417"]
[BlackElo "2518"]

1.d4 d5 2.c4 c6 3.Nc3 Nf6 4.Nf3 dxc4 5.a4 Bf5 6.e3 e6 7.Bxc4 Bb4 8.O-O O-O
9.Qe2 Nbd7 10.e4 Bg6 11.Bd3 Bh5 12.e5 Nd5 13.Nxd5 cxd5 14.Qe3 Re8 15.Ng5 Bg6
16.f4 Bxd3 17.Qxd3 f5 18.Kh1 Nf8 19.Rg1 Be7 20.Nf3 Ng6 21.g4 Rf8 22.Bd2 Rc8
23.h4 fxg4 24.Rxg4 Rf5 25.Rag1 Qe8 26.a5 a6 27.Qf1 Rh5 28.Qh3 Qf7 29.Ng5 Qf5
30.Qg3 Bxg5 31.fxg5 Nxh4 {#R} 0-1

[Event "Tournament (Elo) (b)"]
[Site "masterchessopen.com Coulsdon (England)"]
[Date "2007.12.21"]
[Round "10"]
[White "Mayhew Andrew (ENG)"]
[Black "Lock Gavin R (ENG)"]
[Result "0-1"]
[WhiteElo "2058"]
[BlackElo "2212"]

1.d4 d5 2.c4 c6 3.Nf3 Nf6 4.Nc3 dxc4 5.a4 Bf5 6.e3 e6 7.Bxc4 Bb4 8.O-O O-O
9.Qe2 Bg6 10.e4 Bxc3 11.bxc3 Bxe4 12.Ne5 Nbd7 13.Bg5 Bg6 14.h4 Qa5 15.f4 Qxc3
16.Nxd7 Nxd7 17.Rac1 Qxd4+ 18.Kh2 Nb6 19.h5 Bxh5 20.Qxh5 Nxc4 21.Rf3 Ne3 22.f5
Nxf5 23.Rh3 h6 24.Rf1 Qe5+ 25.Bf4 Qf6 26.Bd6 {#R} 0-1

[Event "Memorial Jose Marca (open)"]
[Site "masterchessopen.com Lima (Peru)"]
[Date "2008.01.22"]
[Round "9"]
[White "Moreno William (PER)"]
[Black "Pacheco Marco (PER)"]
[Result "0-1"]
[WhiteElo "2175"]
[BlackElo "2389"]

1.d4 d5 2.c4 c6 3.Nf3 Nf6 4.Nc3 dxc4 5.a4 Bf5 6.e3 e6 7.Bxc4 Bb4 8.O-O O-O
9.Qe2 Bg4 10.Rd1 Qa5 11.Bd2 Nbd7 12.h3 Bh5 13.e4 e5 14.g4 exd4 15.Nxd4 Bg6
16.Nc2 Bc5 17.b4 Bxb4 18.Nxb4 Qxb4 19.Nd5 Qd6 20.Bf4 Ne5 21.Nb6 Qc5 22.Bxe5
Qxe5 23.Nxa8 Rxa8 24.f3 h5 25.Ra2 Nh7 26.Rad2 Ng5 27.Kg2 Qf4 {#R} 0-1

[Event "Ch Romania (w)"]
[Site "masterchessopen.com Napoca (Romania)"]
[Date "2008.03.02"]
[Round "9"]
[White "Botezatu Mirela (ROM)"]
[Black "Traistaru Teodora (ROM)"]
[Result "0-1"]
[WhiteElo "1848"]
[BlackElo "2160"]

1.d4 d5 2.c4 c6 3.Nc3 Nf6 4.Nf3 dxc4 5.a4 Bf5 6.e3 e6 7.Bxc4 Bb4 8.O-O O-O
9.Qe2 Ne4 10.Nxe4 Bxe4 11.Nd2 Bg6 12.Nb3 Qh4 13.f3 Bd6 14.g3 Qe7 15.e4 Nd7
16.Be3 e5 17.Rad1 Rfe8 18.Rfe1 Kh8 19.Qd2 Bb4 20.Qf2 Bxe1 21.Rxe1 Qb4 22.Qc2
Qxe1+ {#R} 0-1

[Event "It (open)"]
[Site "masterchessopen.com Werther (Germany)"]
[Date "2008.03.16"]
[Round "7"]
[White "Borovikov Vladislav (UKR)"]
[Black "Hess Christian (GER)"]
[Result "1-0"]
[WhiteElo "2580"]
[BlackElo "2219"]

1.d4 d5 2.c4 c6 3.Nc3 Nf6 4.Nf3 dxc4 5.a4 Bf5 6.e3 e6 7.Bxc4 Bb4 8.O-O O-O
9.Qe2 Nbd7 10.e4 Bg6 11.Bd3 Bh5 12.e5 Nd5 13.Nxd5 cxd5 14.Qe3 h6 15.Ne1 f5
16.Nc2 Be7 17.a5 Nb8 18.Bd2 a6 19.Nb4 Be8 20.Qg3 Bh4 21.Qh3 Nc6 22.Nxc6 Bxc6
23.Rfc1 Be7 24.g4 Bb5 25.Bb1 Rc8 26.Rxc8 Qxc8 27.gxf5 Qc4 28.f6 Qxd4 29.Qxe6+
Rf7 30.Bg6 Be8 31.Bxf7+ Bxf7 32.fxe7 Qc4 {#r} 1-0

[Event "It (open)"]
[Site "masterchessopen.com Creon (France)"]
[Round "5"]
[White "Velten Paul (FRA)"]
[Black "Morel Jean-Marc (FRA)"]
[Result "1-0"]
[WhiteElo "2105"]
[BlackElo "1945"]

1.d4 d5 2.Nf3 c6 3.c4 Nf6 4.Nc3 dxc4 5.a4 Bf5 6.e3 e6 7.Bxc4 Bb4 8.O-O O-O
9.Qe2 Bg4 10.Rd1 Nd5 11.Bd2 Qa5 12.Rac1 Nd7 13.e4 N5b6 14.Bd3 Qh5 15.b3 e5
16.d5 cxd5 17.Nxd5 Nxd5 18.exd5 Bxd2 19.Rxd2 Bxf3 20.Qxf3 Qxf3 21.gxf3 Rac8
22.Re1 Rc3 23.Bb5 Nc5 24.b4 Nb3 25.Rd3 Rxd3 26.Bxd3 Nd4 27.Kg2 f6 28.Rc1 g6
29.Rc7 Rf7 30.d6 b5 31.axb5 Kf8 32.Bc4 {#r} 1-0

[Event "It (open) (seniors)"]
[Site "masterchessopen.com Olomouc (Czech Republic)"]
[Date "2008.08.01"]
[Round "1"]
[White "Snorek Milan (CZE)"]
[Black "Hrabal Jiri"]
[Result "1-0"]
[WhiteElo "2157"]
[BlackElo "1762"]

1.d4 d5 2.Nf3 Nf6 3.c4 c6 4.Nc3 dxc4 5.a4 Bf5 6.e3 e6 7.Bxc4 Bb4 8.O-O O-O
9.Qe2 Bg4 10.Rd1 Nd5 11.Na2 Be7 12.h3 Bh5 13.e4 Nb6 14.Be3 Qc7 15.Bb3 N8d7
16.a5 Nc8 17.Nc3 e5 18.g4 Bg6 19.dxe5 Nxe5 20.Nxe5 Bxe4 21.Bf4 Bd5 22.Nxd5
cxd5 23.Ng6 {#r} 1-0

[Event "It (open)"]
[Site "masterchessopen.com Vlissingen (Netherlands)"]
[Date "2008.08.05"]
[Round "5"]
[White "Kalisvaart Peter (NED)"]
[Black "Admiraal Miguoel (NED)"]
[Result "1-0"]
[WhiteElo "2087"]
[BlackElo "1953"]

1.d4 d5 2.c4 c6 3.Nc3 Nf6 4.Nf3 dxc4 5.a4 Bf5 6.e3 e6 7.Bxc4 Bb4 8.O-O O-O
9.Qe2 Bg6 10.Ne5 Bh5 11.f3 Nbd7 12.Nd3 Bxc3 13.bxc3 Qa5 14.Nf4 Rfe8 15.Nxh5
Qxh5 16.e4 Rad8 17.a5 Nf8 18.Be3 Rd7 19.g4 Qh4 20.Qf2 Qxf2+ 21.Rxf2 Ng6 22.Rb2
h6 23.Rab1 Ree7 24.Kf2 Kf8 25.Be2 Ke8 26.g5 Ng8 27.f4 hxg5 28.fxg5 f6 29.Bh5
Kf7 30.h4 f5 {#r} 1-0

[Event "It (open)"]
[Site "masterchessopen.com Guimaraes (Portugal)"]
[Date "2008.09.06"]
[Round "5"]
[White "Araujo Luis Antonio (POR)"]
[Black "Coelho Jorge Manuel (POR)"]
[Result "1-0"]
[WhiteElo "1892"]
[BlackElo "2007"]

1.d4 d5 2.c4 c6 3.Nf3 Nf6 4.Nc3 dxc4 5.a4 Bf5 6.e3 e6 7.Bxc4 Bb4 8.O-O O-O
9.Qe2 Bg6 10.Ne5 Bh5 11.g4 Nxg4 12.Nxg4 Qh4 13.f3 f5 14.Bxe6+ Kh8 15.Ne5 Rf6
16.Bc8 Bd6 17.Qf2 Qh3 18.Qg3 Qxg3+ 19.hxg3 {#r} 1-0